000 00700cab a2200217 4500
001 ABS44188
008 090401t1991 xxu||||| |||| 00| 0 eng d
035 _a(Sirsi) u45716
041 _aeng
100 _aCooper, P.
245 _aBacks to the wall
260 _c1991
350 _a0
490 _aBusiness
_vMarch 1991, 97-102(5)
520 _aExamines the stability of three major construction companies Raine Industries , Beazer and Alfred McAlpine in the recession giving graphs of their share price performance showing major events in their recent development.
650 _aBUILDING INDUSTRY
650 _aSLUMP
690 _aBUILT ENVIRONMENT
942 _n0
948 _c04/03/1997
999 _c28930
_d28930